| 000 | 01300nam a22003377a 4500 | ||
|---|---|---|---|
| 999 |
_c29549 _d29520 |
||
| 003 | EG-ScBUE | ||
| 005 | 20211004141622.0 | ||
| 008 | 210930s2001 ua f b 000 0 ara d | ||
| 017 | _a2001/11187 | ||
| 020 | _a9772322706 | ||
| 040 |
_aEG-ScBUE _bara _erda _cEG-ScBUE _dEG-ScBUE |
||
| 043 | _af-ua--- | ||
| 082 | 0 | 4 |
_a361.962 _bج م ع _222 |
| 100 | 1 |
_aجمعة، محمد لطفي، _eمؤلف. |
|
| 245 | 1 | 0 |
_aقضايا ومشكلات اجتماعية في مصر المعاصرة / _cمحمد لطفي جمعة ؛ إعداد ومراجعة رابح لطفي جمعة. |
| 250 | _aالطبعة الأولى. | ||
| 264 | 1 |
_aالقاهرة : _bعالم الكتب نشر وتوزيع وطباعة، _c2001. |
|
| 300 |
_a416 صفحة ؛ _c24 سم |
||
| 336 |
_2rdacontent _aنص _btxt |
||
| 337 |
_2rdamedia _aبدون وسيط _bn |
||
| 338 |
_2rdacarrier _aمجلد _bnc |
||
| 490 | 0 | _aألف باء | |
| 504 | _aيشتمل على إرجاعات ببليوجرافية. | ||
| 541 | _cDonation. | ||
| 650 | 7 |
_aالمشاكل الإجتماعية _zمصر. _2BUEsh |
|
| 651 | 7 |
_aمصر _xأحوال اجتماعية. _2BUEsh |
|
| 653 | 7 |
_aBUEsh _bGGEN _cSeptember2021 |
|
| 655 | 7 |
_2BUEsh _vReading book _934232 |
|
| 700 | 1 |
_aجمعة، رابح لطفي، _eمعد. _eمراجع. |
|
| 942 | _2ddc | ||